Vyjadrovanie neuvedomelej/mimovoľnej činnosti v slovenčine a v (niektorých) ďalších slovanských jazykoch

Bibliographic Details
Main Author: Vaňko, Juraj, 1945- (Author)
Format: Article
Language:Slovak
ISBN:9788080685577
Subjects:

MARC

LEADER 00000nab a2200000 a 4500
001 vtls009293624
003 SK-MaSNL
005 20260303191021.0
008 080513c2007 xo r m 000 00slo
015 |a SNBRA2008/05SVKPO 
038 |a SVKPO 
040 |a SVKPOCL  |c slo  |e AACR2 
041 0 |a slo 
044 |a xo  |c SK 
080 |a 811.16  |2 2001 
080 |a 81 '367  |2 2001 
080 |a 81(=16)+908(4)  |2 2001 
080 |a 811.16 '367  |2 2001 
080 |a 811.162.4 '367  |2 2001 
100 1 |a Vaňko, Juraj,  |d 1945-  |4 aut  |9 26399 
245 1 0 |a Vyjadrovanie neuvedomelej/mimovoľnej činnosti v slovenčine a v (niektorých) ďalších slovanských jazykoch  |c Juraj Vaňko 
504 |a Bibliogr. odkazy 
546 |a Res. angl. 
650 0 7 |a slovenčina  |2 svkpocl  |9 1350 
650 0 7 |a slovanské jazyky  |x syntax  |2 svkpocl  |9 1219971 
650 0 7 |a sémantická stavba vety  |2 svkpocl  |9 87639 
650 0 7 |a vyjadrovanie činnosti  |2 svkpocl  |9 1219972 
650 0 7 |a slavistika  |2 svkpocl  |9 4282 
773 0 |t Slovensko-slovanské jazykové, literárne a kultúrne vzťahy : zborník príspevkov z medzinárodnej vedeckej konferencie 4. - 7. októbra 2006  |d Prešov : Prešovská univerzita, Filozofická fakulta, 2007  |g S. 121-126  |z 9788080685577 
852 |a SVKPO  |b KIS3GCP 
958 |a SK 
958 |a NB 
958 |a SS 
999 |c 2139073  |d 2141003